00816 2200301 4500001002100000005001700021008004100038020002200079035002400101040001200125041000800137082001600145084001600161090002000177100001700197245008300214250001100297260003600308300002300344500001100367504003100378650001700409650001900426700001700445850001200462990002200474990001800496INLIS00000000002984620170810083506.0  a978-602-313-030-6 0010-081700000000052 aYOPDYOG0 aind042[23]a371.3 a371.3 Tho B aDEP 371.3 Tho B0 aTHOBRONI, M.1 aBelajar & pembelaranb: teori dan praktikc/ M. Thobroni; editor, Meita Sandra aCet. 22 aYogyakartabAr-Ruzz Mediac2016 a384 hlm.c; 24 cm. aIndeks aBibliografi : hlm. 369-372 4aPembelajaran 4aMetode Belajar0 aMEITA Sandra aYOPDYOG aCB-D.11/2016-2308 a55488-PD/A.17